| 000 | 01967cam a22004574i 4500 | ||
|---|---|---|---|
| 003 | PE-LiUPU | ||
| 005 | 20250731184523.0 | ||
| 008 | 150617s r 000 0 d | ||
| 035 | _a(Sirsi) a18786 | ||
| 040 |
_aPE-LiUPU _bspa _cPE-LiUPU _erda |
||
| 049 | _aPRUA | ||
| 082 | 0 | 4 |
_a985.08 _bP21 _221 |
| 100 |
_aPareja Paz Soldán, José, _d1913-1997, _eautor. _96183 |
||
| 245 | 0 | 0 |
_aVisión del Perú en el siglo XX / _cJosé Pareja Paz Soldán, V. A. Belaunde, M. Mujica Gallo, J.P.P.S... [et al.]. _n2 |
| 264 | 1 |
_aLima : _bEdiciones Librería Studium, _c1963. |
|
| 300 |
_a587 páginas ; _c25 cm |
||
| 336 |
_atext _2rdacontent |
||
| 337 |
_aunmediated _2rdamedia |
||
| 338 |
_avolume _2rdacarrier |
||
| 505 | 0 | _aEvolución constitucional del Perú -- La política peruana ene l siglo XX -- El poder judicial en el siglo XX -- El proyecto de reforma del poder judicial -- La universidad peruana en el siglo XX -- La cultura peruana en el siglo XX -Medio siglo de geografía peruana -- La industria de la pesca en el Perú -- Cincuenta años de arqueología en el Perú -- La arquitectura peruana en el siglo XX -- Un fragmento de la historia peruana en el siglo XX -- El comercio peruano en el siglo XX -La iglesia católica en el Perú durante el siglo XX -La historiografía peruana contemporánea. | |
| 526 | _aP136 | ||
| 526 | _aP135 | ||
| 526 | _aP134 | ||
| 526 | _aP133 | ||
| 526 | _aP144 | ||
| 526 | _aP143 | ||
| 526 | _aP87 | ||
| 526 | _aP35 | ||
| 526 | _aP20 | ||
| 526 | _aP14 | ||
| 526 | _aP10 | ||
| 526 | _aP06 | ||
| 651 |
_aPerú _ySiglo XX. |
||
| 700 |
_aBelaunde, Víctor A. _eautor. _96275 |
||
| 700 |
_aMujica Gallo, Manuel, _eautor. _96276 |
||
| 910 | _ajck | ||
| 942 |
_2ddc _cBOOK |
||
| 949 |
_a985.08 P21 2 _wDEWEY _c1 _i05248 _lCCODEBUL1 _mBUL _p00.00 _r0 _sY _tBOOK _u2015-04-22 _xEDUCACION _zUNKNOWN _0COMPRA _o.STAFF. Colección General |
||
| 980 |
_81 _gALBERTO SANCHEZ Responsable de Automatización |
||
| 999 |
_c18516 _d18516 |
||